1107 1779 1103 1847 1266 1057 1509 1390 1286 1792 1605 1126 1385 1603 1887 1013 1024 1434 1144 1633 1888 1461 1778 1492 1911 1196 1588 1744 1483 1120 1067 1364 1928 1221 1079 1481 1545 1364 1794 1386 1138 1218 1906 1699 1308 1759 1954 1469 1921 1952 1545 1967 1375 1412 1186 1872 1380 1051 1052 1675 1570 1737 1556 1404 1897 1477 1789 1530 1775 1332 1740 1286 1294 1406 1088 1708 1515 1182 1651 1549 1942 1989 1469 1895 1461 1205 1431 1321 1829 1072 1809 1575 1226 1396 1342 1424 1971 1015 1932 BCNSPRNW ULIB Ver.6.0+V

เปลี่ยนเป็นภาษาไทย

Change to English
 แสดงรายละเอียดบรรณานุกรม
  กลับหน้าหลัก

Brief Record : Get Marc (ISO 2709) : E-mail record : QR code < ปิดหน้าต่าง
LEADER : 00000nam 2200000uu 4500
001    13399124411
003     ULIB
008    150623s2551||||th 000 0 tha d
020    ^a9789747547405
090    ^aนว^bว637ล
100 0  ^aวินิตา ดิถียนต์
245 10 ^aลมพัดผ่านดาว/^cว. วินิจฉัยกุล.
260    ^aกรุงเทพฯ :^bทรีบีส์,^c2551.
300    ^a573 หน้า ;^c21 ซม.
650  7 ^aนวนิยายไทย
945    ^p430^l0^i039526
999    ^aเกษร โพธิ์สุวรรณ
รายการนี้ยังไม่มีแท็ก
คุณยังไม่ได้ล็อกอิน คุณสามารถมีกิจกรรมร่วมกับเว็บไซต์ได้ แต่ต้องล็อกอินก่อน ::
  ล็อกอิน

รายการสื่อสารสนเทศ

ลำดับที่ ประเภท เลขเรียก/บาร์โค้ด สถานที่ สถานะ
1. นวนิยาย
นวนิยาย
นว ว637ล ฉ.1 
  Barcode: 039526
ห้องสมุดวิทยาเขตนครสวรรค์
►นวนิยาย:l:Fiction
บนชั้น

รายการใกล้เคียง
    ผู้แต่ง [วินิตา ดิถียนต์]

    หัวเรื่อง [นวนิยายไทย]

BibComment


ยังไม่เคยถูกคอมเมนท์

คอมเมนท์ทรัพยากรรายการนี้
  คอมเมนท์: ลมพัดผ่านดาว ว ว..


 Copyright 2026. Bcnsprnw @Library